| 000 | 00352nam a2200145Ia 4500 | ||
|---|---|---|---|
| 008 | 150201s2008 xx 000 0 und d | ||
| 082 |
_a610 _bE08B |
||
| 100 | _aBUNNING, MICHELE | ||
| 245 | _aECG INTERPRETATION : MADE INCREDIBLY EASY | ||
| 250 | _a1ST | ||
| 260 |
_bLIPPINCOTT _aINDIA _c2008 |
||
| 300 | _a369 | ||
| 650 | _aMEDICINE | ||
| 942 |
_2ddc _cBK |
||
| 999 |
_c2356 _d2356 |
||